Water resources : (Record no. 234935)

000 -LEADER
fixed length control field 01624pam a22003977a 4500
001 - CONTROL NUMBER
control field 227021
003 - CONTROL NUMBER IDENTIFIER
control field Nust
005 - DATE AND TIME OF LATEST TRANSACTION
control field 20170403135956.0
008 - FIXED-LENGTH DATA ELEMENTS--GENERAL INFORMATION
fixed length control field 990406s1999 enkabh b 001 0 eng d
010 ## - LIBRARY OF CONGRESS CONTROL NUMBER
LC control number 99193422
015 ## - NATIONAL BIBLIOGRAPHY NUMBER
National bibliography number GB99-15250
020 ## - INTERNATIONAL STANDARD BOOK NUMBER
International Standard Book Number 0419222901
035 ## - SYSTEM CONTROL NUMBER
System control number (OCoLC)ocm40800925
040 ## - CATALOGING SOURCE
Original cataloging agency UKM
Transcribing agency UKM
Modifying agency UMC
-- LVB
-- DLC
042 ## - AUTHENTICATION CODE
Authentication code lccopycat
050 00 - LIBRARY OF CONGRESS CALL NUMBER
Item number .W385 1999
082 04 - DEWEY DECIMAL CLASSIFICATION NUMBER
Classification number 333.91 WAT
Edition number 21
245 00 - TITLE STATEMENT
Title Water resources :
Remainder of title health, environment and development /
Statement of responsibility, etc. Edited by Brian H. Kay.
260 ## - PUBLICATION, DISTRIBUTION, ETC.
Place of publication, distribution, etc. London :
Name of publisher, distributor, etc. E & FN Spon,
Date of publication, distribution, etc. 1999.
300 ## - PHYSICAL DESCRIPTION
Extent xvii, 250 p. :
Other physical details ill., facsim, maps ;
Dimensions 24 cm.
500 ## - GENERAL NOTE
General note H.B
504 ## - BIBLIOGRAPHY, ETC. NOTE
Bibliography, etc. note Includes bibliographies and index.
650 #0 - SUBJECT ADDED ENTRY--TOPICAL TERM
Topical term or geographic name entry element Water resources development
General subdivision Health aspects
Form subdivision Congresses.
650 #0 - SUBJECT ADDED ENTRY--TOPICAL TERM
Topical term or geographic name entry element Water resources development
General subdivision Environmental aspects
Form subdivision Congresses.
650 #0 - SUBJECT ADDED ENTRY--TOPICAL TERM
Topical term or geographic name entry element Vector control
Form subdivision Congresses.
650 #0 - SUBJECT ADDED ENTRY--TOPICAL TERM
Topical term or geographic name entry element Water-supply
General subdivision Health aspects
Form subdivision Congresses.
650 #0 - SUBJECT ADDED ENTRY--TOPICAL TERM
Topical term or geographic name entry element Water-supply
General subdivision Environmental aspects
Form subdivision Congresses.
650 #0 - SUBJECT ADDED ENTRY--TOPICAL TERM
Topical term or geographic name entry element Water quality management
Form subdivision Congresses.
650 #4 - SUBJECT ADDED ENTRY--TOPICAL TERM
Topical term or geographic name entry element Water quality management.
650 #4 - SUBJECT ADDED ENTRY--TOPICAL TERM
Topical term or geographic name entry element Water-supply
General subdivision Management.
650 #4 - SUBJECT ADDED ENTRY--TOPICAL TERM
Topical term or geographic name entry element Water resources development.
650 #6 - SUBJECT ADDED ENTRY--TOPICAL TERM
Topical term or geographic name entry element Ressources en eau
General subdivision Exploitation
-- Aspect de l'environnement
-- Congrès.
700 1# - ADDED ENTRY--PERSONAL NAME
Personal name Kay, Brian H.
856 42 - ELECTRONIC LOCATION AND ACCESS
Materials specified Publisher description
Uniform Resource Identifier <a href="http://www.loc.gov/catdir/enhancements/fy0651/99193422-d.html">http://www.loc.gov/catdir/enhancements/fy0651/99193422-d.html</a>
906 ## - LOCAL DATA ELEMENT F, LDF (RLIN)
a 7
b cbc
c copycat
d 2
e epcn
f 19
g y-gencatlg
942 ## - ADDED ENTRY ELEMENTS (KOHA)
Source of classification or shelving scheme
Koha item type Book
Call number prefix 333.91 WAT
Holdings
Withdrawn status Lost status Source of classification or shelving scheme Damaged status Not for loan Collection code Permanent Location Current Location Shelving location Date acquired Total Checkouts Full call number Barcode Date last seen Price effective from Koha item type
            Institute of Environmental Science and Engineering (IESE) Institute of Environmental Science and Engineering (IESE) General Stacks 04/03/2017   333.91 WAT IESE-336 04/03/2017 04/03/2017 Book
© 2023 Central Library, National University of Sciences and Technology. All Rights Reserved.